Vista normal Vista MARC

Entrada Topical Term

Número de registros utilizados en: 1

001 - CONTROL NUMBER

  • control field: 1393

003 - CONTROL NUMBER IDENTIFIER

  • control field: OSt

005 - DATE AND TIME OF LATEST TRANSACTION

  • control field: 20200311100927.0

008 - FIXED-LENGTH DATA ELEMENTS

  • fixed length control field: 200311|| aca||aabn | a|a d

040 ## - CATALOGING SOURCE

  • Original cataloging agency: OSt
  • Transcribing agency: OSt

150 ## - HEADING--TOPICAL TERM

  • Topical term or geographic name entry element: Comportamiento autodestructivo

670 ## - SOURCE DATA FOUND

  • Source citation: Work cat.: (OSt)4151: Liberman, David J., autor 1391, ¿Por qué cometo siempre los mismos errores? : , ©1999